000 00330nam a22001577a 4500
003 SGT
020 _a978-81-901774-0-0
082 _a611.018
_bH13T
100 _aTONDON, B.K
245 _aTEXT BOOK OF HISTOLOGY
250 _a2ND
260 _aDELHI
_bAHUJA PUB
_c2013
300 _a195
650 _aPHARMACY
942 _2ddc
_cBK
999 _c11066
_d11066